| 000 | 00465nam a22001817a 4500 | ||
|---|---|---|---|
| 003 | CEME | ||
| 005 | 20210628202719.0 | ||
| 008 | 210203b xxu||||| |||| 00| 0 eng d | ||
| 020 | _a0-471-02867-3 | ||
| 040 | _c. | ||
| 082 | _a519.53 CON | ||
| 100 |
_aConover, W.J _961209 |
||
| 245 | _aPractical nonparametric statistics | ||
| 260 |
_aNEW YORK _bJOHN WILEY & SONS _c1980 |
||
| 300 | _aXIV,493P | ||
| 650 |
_aNONPARAMETRIC STATISTICS _961210 |
||
| 942 |
_cBK _2ddc |
||
| 999 |
_c570738 _d570738 |
||